Normal view
MARC view
- Dr. Rashid Farooq
Entry Topical Term
001 - CONTROL NUMBER
- control field: 17259
003 - CONTROL NUMBER IDENTIFIER
- control field: NUST
005 - DATE AND TIME OF LATEST TRANSACTION
- control field: 20190710065746.0
008 - FIXED-LENGTH DATA ELEMENTS
- fixed length control field: 190710|| aca||aabn | a|a d
040 ## - CATALOGING SOURCE
- Original cataloging agency: NUST
- Transcribing agency: NUST
150 ## - HEADING--TOPICAL TERM
- Topical term or geographic name entry element: Dr. Rashid Farooq
670 ## - SOURCE DATA FOUND
- Source citation: Work cat.: (NUST): Azeem, Sumbul 16847, Relationship Between M - Convexity and Ultramodularity /, 2013.
